00246nam a2200097Ia 4500001000800000005001700008008004100025020001800066245004500084260001900129127236520260417151427.0260417s9999 xx 000 0 und d a9786255929327 0aGüneş Nereye Kayboldu?cGuo Zhenyuan bKetebe Çocuk